| 000 | 00636cam a22002053a 4500 | ||
|---|---|---|---|
| 001 | 45162 | ||
| 003 | PGUSA | ||
| 005 | 20140828084031.0 | ||
| 008 | 140317s2014||||xxu|||||s|||||000 | eng d | ||
| 040 |
_aPGUSA _beng |
||
| 042 | _adc | ||
| 100 | 1 | _aKnox, Thomas W. | |
| 245 | 1 | 0 |
_aHow to Travel : _bHints, Advice, and Suggestions to Travelers by Land and Sea all over the Globe. _h[electronic resource] / _cThomas W. Knox |
| 260 |
_bProject Gutenberg, _c2014 |
||
| 506 | _aPublic domain in the USA. | ||
| 516 | _aElectronic text | ||
| 830 | 0 |
_aProject Gutenberg _v45162 |
|
| 856 | 4 | 0 | _uhttp://www.gutenberg.org/ebooks/45162 |
| 942 | _cEB | ||
| 999 |
_c274413 _d274413 |
||